Datum a čas kvízu

35 Celkem bodů Celkový počet nahraných bodů na tomto kvízu bez doplňovacích otázek.
4. Pořadí na kvízu Konečné umístění týmu na tomto kvízu.

Zaznamenané odpovědi

# Otázka Odpověď Body Výsledky
1. Minulý týden se v Praze konal... půllitry s pivem 1
2. Minulé pondělí byly oznámeny k... Moldavsko (Moldávie) 1
3. Minulé pondělí bylo oznámeno p... Simpsonovi ve filmu 0
4. Od 1. října 2025 došlo na Leti... 2 000 mililitrů 1
5. Česká republika má od minulého... Linda Nosková 1
6. Wikipedii s nejvyšší pravděpod... z havajštiny 1
7. Fanoušci kvízu občas jistě se... A 1
8. Dobrým zdrojem informací jsou... Michal Suchánek, Richard Genzer 0
9. Mnemotechnické pomůcky se hodí... struny na kytaře (pořadí strun/tónů) 1
10. Někdy však k úspěchu v kvízu s... 1B 2C 3A 4D 1